[Event "Barcelona Primavera La Lira op 7th"]
[Site "Barcelona"]
[Date "2014.06.05"]
[Round "7"]
[White "Valero Hellin, Jose Luis"]
[Black "Gomez Fernandez, Miquel"]
[Result "1/2-1/2"]
[WhiteElo "1583"]
[BlackElo "1594"]
[PlyCount "84"]
[EventDate "2014.04.03"]
[EventType "swiss"]
[EventRounds "9"]
[EventCountry "ESP"]
[SourceTitle "EXT 2015"]
[Source "ChessBase"]
[SourceDate "2014.11.20"]
[SourceVersion "1"]
[SourceVersionDate "2014.11.20"]
[SourceQuality "1"]

1. Nf3 b6 2. g3 Bb7 3. Bg2 Nf6 4. d3 e5 5. e4 Nc6 6. Nbd2 Be7 7. 0-0 0-0 8. c3 d6 9. Re1 Rb8 10. Nf1 h6 11. Ne3 Bc8 12. Qc2 Ng4 13. Nd5 Be6 14. Nxe7+ Nxe7 15. Bd2 c5 16. Nh4 Qd7 17. f4 exf4 18. gxf4 f5 19. h3 Nf6 20. Be3 fxe4 21. Kh2 exd3 22. Qxd3 Nfd5 23. Qe4 Nf6 24. Qd3 Nf5 25. Bf2 Nxh4 26. Bxh4 Nh5 27. Rxe6 Nxf4 28. Qxd6 Qxe6 29. Qxe6+ Nxe6 30. Bd5 Rbe8 31. Bc6 g5 32. Bxe8 Rxe8 33. Bg3 Nf4 34. Rf1 Re4 35. Bxf4 gxf4 36. Kg2 Re2+ 37. Rf2 Re4 38. Kf3 Re3+ 39. Kg4 Rg3+ 40. Kh4 Kg7 41. Rxf4 Rg2 42. Rg4+ Rxg4+ 1/2-1/2

[Event "Barcelona Primavera La Lira op 7th"]
[Site "Barcelona"]
[Date "2014.04.24"]
[Round "3"]
[White "Valero Hellin, Jose Luis"]
[Black "Risquez Perez, Antonio"]
[Result "1-0"]
[WhiteElo "1583"]
[BlackElo "1700"]
[PlyCount "69"]
[EventDate "2014.04.03"]
[EventType "swiss"]
[EventRounds "9"]
[EventCountry "ESP"]
[SourceTitle "EXT 2015"]
[Source "ChessBase"]
[SourceDate "2014.11.20"]
[SourceVersion "1"]
[SourceVersionDate "2014.11.20"]
[SourceQuality "1"]

1. Nf3 Nc6 2. g3 b6 3. Bg2 Bb7 4. e4 Nf6 5. d3 e5 6. 0-0 Qe7 7. Nbd2 Qe6 8. c3 Bc5 9. b4 Bd6 10. Nc4 Be7 11. h3 0-0 12. Ng5 h6 13. Nxe6 dxe6 14. b5 Nd8 15. Nxe5 a6 16. bxa6 Rxa6 17. Ng4 Nh5 18. Nxh6+ gxh6 19. Qxh5 f5 20. Qg6+ Kh8 21. Qxh6+ Kg8 22. Bb2 Rf6 23. Qg5+ Kf8 24. c4 Nf7 25. Qh5 Rh6 26. Qe2 Bc5 27. exf5 b5 28. Bxb7 Rd6 29. Qg4 Rxd3 30. Bg7+ Ke7 31. Bxh6 Nxh6 32. Qg5+ Kd6 33. Qxh6 Rxg3+ 34. Kh2 Rf3 35. Qxe6# 1-0

[Event "Barcelona Primavera La Lira op 7th"]
[Site "Barcelona"]
[Date "2014.04.10"]
[Round "2"]
[White "Gonzalez Canovas, Sebastian"]
[Black "Valero Hellin, Jose Luis"]
[Result "1-0"]
[WhiteElo "1635"]
[BlackElo "1583"]
[PlyCount "71"]
[EventDate "2014.04.03"]
[EventType "swiss"]
[EventRounds "9"]
[EventCountry "ESP"]
[SourceTitle "EXT 2015"]
[Source "ChessBase"]
[SourceDate "2014.11.20"]
[SourceVersion "1"]
[SourceVersionDate "2014.11.20"]
[SourceQuality "1"]

1. c4 b6 2. Nc3 Bb7 3. d4 e6 4. e4 Bb4 5. Bd3 d5 6. Qa4+ Nc6 7. Nge2 Nge7 8. Bd2 dxc4 9. Bxc4 0-0 10. a3 Bxc3 11. Bxc3 Nb8 12. Qc2 Ng6 13. g3 Nd7 14. 0-0-0 Nf6 15. f3 Rc8 16. Kb1 a5 17. Bd2 c5 18. dxc5 bxc5 19. Bg5 Qe7 20. Nc3 Ne5 21. Be2 h6 22. Bf4 Nc6 23. Bd6 Qe8 24. Bxf8 Qxf8 25. Nb5 Rb8 26. Qc3 Ba6 27. a4 Bxb5 28. Bxb5 Nd4 29. Rd2 Qd8 30. Rhd1 Qb6 31. h3 Nxb5 32. axb5 Qxb5 33. Rd8+ Rxd8 34. Rxd8+ Kh7 35. Qd3 Qb6 36. e5+ 1-0